Justin Bieber - Chansons de l'album My World - Statistiques

Statistiques générales
  • Ce quiz a été pris 38 fois
  • Le résultat moyen est 5 sur 10
Statistiques - réponses
Hint Réponse % Correct
My World 2.0 1 Baby (featuring Ludacris)
100%
My World 2.0 6 Never Let You Go
61%
My World 2.0 10 That Should Be Me
58%
My World 2.0 4 U Smile
58%
My World 2.0 8 Eenie Meenie (featuring Sean Kingston)
55%
My World 2.0 2 Somebody To Love
55%
My World 2.0 7 Overboard (featuring Jessica Jarrell)
48%
My World 2.0 3 Stuck In The Moment
48%
My World 2.0 5 Runaway Love
33%
My World 2.0 9 Up The Messengers
6%
Aucun quiz correspondant
Distribution des résultats
% des personnes avec chaque résultat
Percentile par nombre de réponses
Votre historique - résultats
Vous n’avez pas pris ce quiz